Hoàng hậu Tăn Tay Truyện cổ dân gian Lào

Na minha lista:
Detalhes bibliográficos
Autor principal: Mahả Xỉla Vilávông
Outros Autores: Trần Ngọc Dung (dich)
Formato: Livro
Idioma:Vietnamese
Publicado em: Đà Nẵng Nxb. Đà Nẵng 1997
Edição:Tái bản, có bổ sung
Assuntos:
Tags: Adicionar Tag
Sem tags, seja o primeiro a adicionar uma tag!
Thư viện lưu trữ: Mạng thư viện Đại học Đà Nẵng
LEADER 01224nam a2200361 4500
001 000004910
003 1052
005 20120410090419.0
008 110805s1997 viesd
020 |c 15000đ 
041 0 |a vie 
082 |a 895.91  |b MA-V 
100 0 |a Mahả Xỉla Vilávông 
245 0 |a Hoàng hậu Tăn Tay  |b Truyện cổ dân gian Lào  |c Sưu tầm, b.s: Mahả Xỉla Vilávông ; Trần Ngọc Dung dịch 
250 |a Tái bản, có bổ sung 
260 |a Đà Nẵng  |b Nxb. Đà Nẵng  |c 1997 
300 |a 203 tr  |c 19 cm 
653 |a Văn học dân gian 
653 |a truyện ngụ ngôn 
653 |a truyện cổ 
653 |a Lào 
700 |a Trần Ngọc Dung  |e dich 
910 |a Nguyễn Thị Kim Oanh  |d 05/ 08/ 2011 
OWN |a LSP 
AVA |a UDN50  |b LSP  |d 895.91 MA-V  |e available  |t Error 5001 Not defined in file expand_doc_bib_avail.  |f 8  |g 0  |h N  |i 0  |k 1 
999 |a From the UDN01 
AVA |a UDN50  |b LSP  |d 895.91 MA-V  |e available  |t Error 5001 Not defined in file expand_doc_bib_avail.  |f 8  |g 0  |h N  |i 0  |k 1 
TYP |a Monograph 
TYP |a Printed language 
980 |a Mạng thư viện Đại học Đà Nẵng